| 000 | 00703nam a2200241 4500 | ||
|---|---|---|---|
| 008 | |||
| 049 | _aMAIN | ||
| 090 | 0 |
_aQM601 _bLAN |
|
| 100 | 1 | 0 | _aLangman, Jan. |
| 245 | 1 | 0 |
_aMedical embryology; _bhuman development, normal and abnormal. _cJan Langman |
| 250 | _a2nd ed. | ||
| 260 | 0 |
_aBaltimore, _bWilliams & Wilkins, _c1969. |
|
| 300 |
_axii, 386 p. _billus. _c24 cm. |
||
| 500 | _aIncludes index. | ||
| 504 | _aIncludes bibliographical references. | ||
| 650 | 2 | _aEmbryology. | |
| 650 | 2 | _aCongenital Abnormalities. | |
| 907 |
_a.b10362794 _b16-09-15 _c16-09-15 |
||
| 003 | |||
| 005 | 20230123122153.0 | ||
| 040 | _cNUST | ||
| 942 |
_cBOOKS _kQM601 _mLAN |
||
| 999 |
_c129021 _d129021 |
||